Страховой андеррайтинг: учебник и практикум для бакалавров

Bibliographic Details
Main Author: Архипов А. П. Александр Петрович
Corporate Author: Российский экономический университет им. Г. В. Плеханова (РЭУ)
Summary:В учебнике системно излагаются вопросы истории, теории, законодательные основы, понятийный аппарат, классификация, практические методы и приемы страхового андеррайтинга, принципы организации и работы службы андеррайтинга страховой компании, экономические, финансовые, правовые и математические основы страхового андеррайтинга, его особенности в страховании жизни, личном рисковом страховании, страховании имущества и ответственности, предпринимательских и финансовых рисков, перестраховании. Учебник содержит практикум, включающий темы для дискуссий, ситуационные и расчетные задачи, примерные темы рефератов. Даны выдержки из нормативных документов по страховому делу в Российской Федерации и обзор важнейших международных конвенций и соглашений, действующих по состоянию на начало 2013 г. Соответствует Федеральному государственному образовательному стандарту высшего профессионального образования третьего поколения. Для студентов и аспирантов экономических и финансовых высших учебных заведений, бакалавров и магистров, а также для учащихся иных систем образования и переподготовки кадров, специалистов страховых и брокерских компаний и всех, желающих получить более подробное представление о страховании и страховом бизнесе.
Language:Russian
Published: Москва, Юрайт, 2014
Edition:2-е изд., перераб. и доп.
Series:Бакалавр. Углубленный курс
Subjects:
Format: Book
KOHA link:https://koha.lib.tpu.ru/cgi-bin/koha/opac-detail.pl?biblionumber=263641

MARC

LEADER 00000nam0a2200000 4500
001 263641
005 20231101233746.0
010 |a 9785991631129 
035 |a (RuTPU)RU\TPU\book\286629 
090 |a 263641 
100 |a 20140610d2014 m y0rusy50 ca 
101 0 |a rus 
102 |a RU 
105 |a a j 001zy 
200 1 |a Страховой андеррайтинг  |e учебник и практикум для бакалавров  |f А. П. Архипов  |g Российский экономический университет им. Г. В. Плеханова (РЭУ) 
205 |a 2-е изд., перераб. и доп. 
210 |a Москва  |c Юрайт  |d 2014 
215 |a 359 с.  |c ил. 
225 1 |a Бакалавр. Углубленный курс 
320 |a Библиогр.: с. 341-343. 
330 |a В учебнике системно излагаются вопросы истории, теории, законодательные основы, понятийный аппарат, классификация, практические методы и приемы страхового андеррайтинга, принципы организации и работы службы андеррайтинга страховой компании, экономические, финансовые, правовые и математические основы страхового андеррайтинга, его особенности в страховании жизни, личном рисковом страховании, страховании имущества и ответственности, предпринимательских и финансовых рисков, перестраховании. Учебник содержит практикум, включающий темы для дискуссий, ситуационные и расчетные задачи, примерные темы рефератов. Даны выдержки из нормативных документов по страховому делу в Российской Федерации и обзор важнейших международных конвенций и соглашений, действующих по состоянию на начало 2013 г. Соответствует Федеральному государственному образовательному стандарту высшего профессионального образования третьего поколения. Для студентов и аспирантов экономических и финансовых высших учебных заведений, бакалавров и магистров, а также для учащихся иных систем образования и переподготовки кадров, специалистов страховых и брокерских компаний и всех, желающих получить более подробное представление о страховании и страховом бизнесе. 
606 1 |a Страхование  |2 stltpush  |3 (RuTPU)RU\TPU\subj\69372  |9 84248 
610 1 |a страховой андеррайтинг 
610 1 |a страховое законодательство 
610 1 |a страховые риски 
610 1 |a управление 
610 1 |a оценка 
610 1 |a актуарные расчеты 
610 1 |a пенсионное страхование 
610 1 |a личное страхование 
610 1 |a имущественное страхование 
610 1 |a ответственность 
610 1 |a предпринимательские риски 
610 1 |a перестрахование 
610 1 |a практикумы 
610 1 |a учебники 
686 |a У9(2)271я73  |v LBC/SL-A  |2 rubbk 
700 1 |a Архипов  |b А. П.  |g Александр Петрович 
712 0 2 |a Российский экономический университет им. Г. В. Плеханова (РЭУ)  |c (2010- )  |2 stltpush  |3 (RuTPU)RU\TPU\col\17770 
801 1 |a RU  |b 63413507  |c 20140610 
801 2 |a RU  |b 63413507  |c 20150625  |g RCR 
942 |c BK 
959 |a 102/20140609  |d 2  |e 329,00  |f ЧЗГЛ:1  |f АНЛ:1